Estate Planning for Practitioners / (Record no. 330)

MARC details
000 -LEADER
fixed length control field 00456nam a22001577a 4500
005 - DATE AND TIME OF INPUT
control field 20231106140518.0
008 - DATA ELEMENTS--GENERAL INFORMATION
fixed length control field 231106b |||||||| |||| 00| 0 eng d
041 ## - LANGUAGE CODE
Language code of text English
082 ## - SHELF NUMBER
DDC number 346.5 EST
100 ## - MAIN AUTHOR
Main author's name Van der Westhuizen, WM
Language of a work English
245 ## - TITLE STATEMENT
Title Estate Planning for Practitioners /
Statement of responsibility, etc. WM Van der Westhuizen
260 ## - PUBLICATION, DISTRIBUTION, ETC.
Date of publication, distribution, etc. 2009
300 ## - PHYSICAL DESCRIPTION
Other physical details 254 pages ;
Dimensions 30 cm.
650 ## - SUBJECT`
Broad subject Legal practice
Own subject terms Law
942 ## - ADDED ENTRY ELEMENTS (KOHA)
Item type Books
942 ## - ADDED ENTRY ELEMENTS (KOHA)
-- ALISON_BN_VRIES
Holdings
Source of classification or shelving scheme Not for loan Collection code Home library Current library Shelving location Date acquired Full call number Barcode Price effective from Koha item type
Dewey Decimal Classification   TEXT BOOKS LAW SOCIETY OF NAMIBIA LIBRARY - WINDHOEK LAW SOCIETY OF NAMIBIA LIBRARY - WINDHOEK Administration and estates, wills 11/06/2023 346.5 EST LSN/2009/28 11/06/2023 Books